The Pakistan Quiz Stats

 Plays Quiz Updated Sep 8, 2018

Score 0/50 Timer 07:00
1 Play Today
Hint Answer % Correct
Flag ColorGreen
94.6%
Flag ColorWhite
93.5%
Majority ReligionSunni Islam
87.8%
Bordering CountryIndia
87.2%
Nationality (Demonym)Pakistani
84.7%
Bordering CountryAfghanistan
82.7%
ContinentAsia
82.6%
Capital CityIslamabad
81.9%
Symbol(s) on FlagCrescent Moon & Star
81.3%
Bordering CountryChina
76.6%
Bordering CountryIran
74%
Drives on the...Left
72.3%
Most Popular SportCricket
71.4%
Largest CityKarachi
69.1%
Independence FromUnited Kingdom
68.1%
Age of Suffrage18
66.1%
Official Language (National)Urdu
63.9%
Internet Country Code.pk
62.3%
Official Language (Government)English
62%
Second Largest CityLahore
57.3%
Official NameIslamic Republic of Pakistan
56.3%
CurrencyPakistani Rupee (PKR)
55.3%
First Female Prime MinisterBenazir Bhutto
51.2%
Year of Independence1947
50.1%
Number of Provinces4
49.8%
Hint Answer % Correct
Bordering SeaArabian Sea
45.1%
Largest Province (Population)Punjab
44.4%
Highest Point (8,611 m)K2
43.9%
Lowest Point (0 m)Indian Ocean
41%
Largest Importer of GoodsUnited States
38.5%
Longest RiverIndus
36%
Most Spoken LanguagePunjabi
35.8%
National SportField Hockey
28%
Independence DayAugust 14
26.2%
Largest Province (Area)Balochistan
23.8%
Prime MinisterImran Khan
21.5%
Third Largest CityFaisalabad
19.4%
First Prime MinisterLiaquat Ali Khan
18.4%
PresidentArif-ur-Rehman Alvi
17.4%
Type of GovernmentFederal Republic
14%
National FlowerJasmine
13.2%
National PoetMuhammad Iqbal
13.1%
National AnthemPak Sarzameen
12%
National AnimalMarkhor
11.2%
National JuiceSugarcane Juice
9.3%
MottoUnity, Discipline, and Faith
6.5%
National BirdChukar
6.4%
Largest StadiumGaddafi Stadium
6.4%
Largest LakeManchar Lake
5%
National TreeDeodara Cedar
4.4%

You're not logged in!

Compare scores with friends on all Sporcle quizzes.
OR
Log In

You Might Also Like...

Show Comments

Extras

Top Quizzes Today


Score Distribution

Your Account Isn't Verified!

In order to create a playlist on Sporcle, you need to verify the email address you used during registration. Go to your Sporcle Settings to finish the process.

Report this User

Report this user for behavior that violates our Community Guidelines.

Details: